00538nam a2200193Ii 450000100060000000300090000600800410001502000150005604000330007104100080010408200150011210000290012724500460015626400490020230000120025133600260026333700280028933800270031712056CO-ViMGA241108s9999||||xx |||||||||||||| ||und|| a8421612352 aCO-ViMGAbspaerdacCO-ViMGA0 aspa04a701.18 I591 aJoan Jesús Insa Rufach10aMétodo para la lectura de Obras de Arte 1aMadrid, España : Editorial Bruño, [199?] avolumen atextbtxt2rdacontent aunmediatedbn2rdamedia avolumebnc2rdacarrier